000
00301nam a2200121Ia 4500
008
190216s9999||||xx |||||||||||||| ||und||
100
_a
Vinayak Damodar Savarkar
245
4
_a
The Indian War Of Independence Of1857
260
_b
Kishore Pub
_c
1967
300
_a
497p
650
_a
History
942
_c
BK
999
_c
18860
_d
18860